000 00520nam a2200145 i 4500
001 62912
003 ES-MaACL
005 20230906164742.0
007 t|
008 031126s1914 sp ||||1| spa d
100 1 _aFernández Cortés, Mariano.
_949600
245 1 0 _aEnseñanza de la Ingeniería y lugar que la Matemática debe ocupar en la práctica del ingeniero
_b: conferencia del Instituto de Ingenieros Civiles /
_cMariano Fernández Cortés.
260 _aMadrid :
_b[s.n.,
_c1914]
852 _aES-MaACL
_jT-1410-F-6
999 _c62912
_d62912